000 01675cam a22002054a 4500
005 20250605164028.0
008 250528s ||||||||||||||||||||||||d
035 _a16526
020 _a9052860251
040 _aGR-AtMCL
_bgre
_dGR-AtMCL
_eAACR2
245 1 _aΣτοιχεία Εμπορικού Δικαίου / Γενικό μέρος - Εταιρίες - Αξιόγραφα - Πτώχευση
260 _bΈλλην,
_c1992
300 _a184
520 _aΕισαγωγή, Έννοια του Εμπορικού Δικαίου, Πηγές και Διάκριση του Εμπορικού Δικαίου, Εμπορικές Πράξεις, Έμποροι, Βιομηχανική Ιδιοκτησία, Εταιρίες, Έννοια της Εταιρίας και Προϋποθέσεις για τη Σύσταση της, Διακρίσεις των Εταιριών, Προσωπικές Εταιρίες, Ανώνυμη Εταιρία (Α.Ε.), Εταιρεία Περιορισμένης Ευθύνης (Ε.Π.Ε.), Αξιόγραφα, Έννοια και Διακρίσεις και Είδη Αξιόγραφων, Συναλλαγματική, Γραμμάτιο ''Εις Διαταγήν'', Τραπεζική Επιταγή, Πτώχευση, Πτεωχευτική Ανάκληση, Άκυρες Πράξεις, Εργασίες της Πτώχευσης, Περάτωση της Πτώχευσης, Αποκατάσταση του ''Πτωχεύσαντος'', Ενδεικτική Βιβλιογραφία.
700 1 _aΜεντής Γρήγορης Σπ
700 1 _aΠαρίκος Γ
_92625
942 _cBK
999 _c2020
_d2020